|
|
|
|
| LEADER |
00000nab a2200000 a 4500 |
| 001 |
vtls010034946 |
| 003 |
SK-MaSNL |
| 005 |
20260426091731.0 |
| 008 |
250708c2009 xo |||||||||||000 b|slo |
| 015 |
|
|
|a SNBRB2009/12
|2 snkbucl
|
| 035 |
|
|
|a (uuid)b9fb1354-e45c-42d0-878d-72279025c9a4
|
| 035 |
|
|
|a urn:nbn:sk:snk-ab15dc
|
| 035 |
|
|
|a (urnnbn)urn:nbn:sk:snk:ar-a04m36
|
| 038 |
|
|
|a SNKBUCL
|
| 040 |
|
|
|a SNKBUCL
|b slo
|c SNKBUCL
|e AACR2
|
| 041 |
0 |
|
|a slo
|
| 044 |
|
|
|a xo
|c SK
|
| 080 |
|
|
|a 633.63
|x (437.6)
|2 1997
|
| 100 |
1 |
|
|a Roháčik, Tibor,
|d 1955-
|4 aut
|9 246351
|
| 245 |
1 |
0 |
|a Vývoj porastov a zber repy cukrovej
|c Tibor Roháčik
|
| 300 |
|
|
|b Tab.
|
| 648 |
|
7 |
|a 2009
|2 snkbucl
|9 320114
|
| 650 |
0 |
7 |
|a cukrová repa
|2 snkbucl
|9 81965
|
| 650 |
0 |
7 |
|a porasty
|2 snkbucl
|9 590197
|
| 650 |
0 |
7 |
|a zdravotný stav rastlín
|2 snkbucl
|9 838135
|
| 650 |
0 |
7 |
|a úroda
|2 snkbucl
|9 506412
|
| 650 |
0 |
7 |
|a cukornatosť
|2 snkbucl
|9 1188853
|
| 651 |
|
7 |
|a Slovensko
|2 snkbucl
|9 14231
|
| 773 |
0 |
|
|t Naše pole
|g Roč. XIII, č. 12 (2009), s. 35
|x 1335-2466
|
| 850 |
|
|
|a Slovenská národná knižnica
|
| 852 |
|
|
|a Slovenská národná knižnica
|
| 954 |
|
|
|a odborná, vedecká literatúra pôvodná (slovenská)
|2 lita
|
| 958 |
|
|
|a article27
|
| 958 |
|
|
|a SK
|
| 958 |
|
|
|a OND
|
| 958 |
|
|
|a EUIPO
|
| 999 |
|
|
|c 3034813
|d 3036743
|